| 000 | 01488nam a2200229Ia 4500 | ||
|---|---|---|---|
| 003 | Ost | ||
| 005 | 20260507075607.0 | ||
| 008 | 260507s9999||||xx |||||||||||||| ||und|| | ||
| 020 | _a9789777331470 | ||
| 040 | _cfsecg | ||
| 041 | _aara | ||
| 082 | _a658.15 | ||
| 100 |
_aرفعت علي، وائل _eمؤلف |
||
| 245 | 0 |
_aالإدارة المالية وسوق المال : _bصناديق الإستثمار- النقود الالكترونية - الربح والربحية - الفشل المالي - التمويل العقاري - الموارد المالية والميزانية / _c وائل رفعت علي |
|
| 260 |
_aالإسكندرية: _bدار التعليم الجامعي, _c2018 |
||
| 300 |
_a234 صفحة؛ _bإيضاحات ؛ _c24 سم |
||
| 504 | _aالببليوغرافيا ص.215 | ||
| 520 | _aتناول هذا الكتاب موضوع الإدارة المالية وسوق المال حيث قدم من خلال فصول دراسته مقدمة عن الادارة المالية وتطورها ، بالاضافة الى مفاهيم عامة حول المؤسسة ومحيطها، كما تحدث عن صناديق الإستثمار والنقود الالكترونية والربح والربحية، بالاضافة الى الفشل المالي والتمويل العقاري، واخيرا الموارد المالية والميزانية. | ||
| 653 | _aالإدارة المالية | ||
| 653 | _aسوق المال | ||
| 942 | _cكتاب | ||
| 999 |
_c45051 _d45051 |
||